000
00255nam a2200097Ia 4500
008
200302s9999 xx 000 0 und d
100
_a
Author
245
_a
Historic Towns Preservation and Change
260
_b
Her Majesty's Stationery Office
300
_a
49 P.,
999
_c
5238
_d
5238